000 00628nam a2200193 a 4500
001 000034728
005 20200930073851.0
008 111019s1990 ve 000 f spa d
020 _a9800103082
040 _aDO-SdBNP
_bspa
_cBNPHU
100 1 _aPocaterra, José Rafael,
_d1888-1955
_960195
245 1 0 _aVidas oscuras /
_cJosé Rafael Pocaterra ; prólogo María Josefina Tejera.
260 _aCaracas :
_bMonte Ávila Editores,
_c1990.
300 _a285 p. ;
_c16 cm.
490 0 _aEl dorado
650 2 4 _aLiteratura venezolana
_93816
650 2 4 _aNovela venezolana
_93962
700 1 _aTejera, María Josefina,
_epról.
_98980
999 _c34219
_d34219